Tecnología e innovación en los modelos de prestación en salud / (Registro nro. 7525)
[ vista simple ]
| 000 -LEADER | |
|---|---|
| fixed length control field | 03249nam a22003017a 4500 |
| 003 - CONTROL NUMBER IDENTIFIER | |
| control field | OSt |
| 005 - DATE AND TIME OF LATEST TRANSACTION | |
| control field | 20210310142000.0 |
| 008 - FIXED-LENGTH DATA ELEMENTS--GENERAL INFORMATION | |
| fixed length control field | 210310s2014 ck adobgr|||| 00| 0 spa d |
| 020 ## - INTERNATIONAL STANDARD BOOK NUMBER | |
| International Standard Book Number | 9789585755864 |
| 040 ## - CATALOGING SOURCE | |
| Original cataloging agency | CO-JMCR |
| Transcribing agency | CO-JMCR |
| 041 0# - LANGUAGE CODE | |
| Language code of text/sound track or separate title | spa |
| 082 04 - DEWEY DECIMAL CLASSIFICATION NUMBER | |
| Classification number | 610.285 / |
| Item number | A696t |
| Edition number | 23 |
| 100 1# - MAIN ENTRY--PERSONAL NAME | |
| Personal name | Arias, Jaime, |
| Relator term | autor |
| 9 (RLIN) | 13005 |
| 245 10 - TITLE STATEMENT | |
| Title | Tecnología e innovación en los modelos de prestación en salud / |
| Statement of responsibility, etc. | Jaime Arias, Scott J. Edgett, Carlos Arteta Molina [y otros 16] |
| 246 #8 - VARYING FORM OF TITLE | |
| Title proper/short title | Innovación en salud |
| 250 ## - EDITION STATEMENT | |
| Edition statement | Primera edición |
| 260 ## - PUBLICATION, DISTRIBUTION, ETC. | |
| Place of publication, distribution, etc. | Bogotá : |
| Name of publisher, distributor, etc. | Acemi, |
| Date of publication, distribution, etc. | 2014 |
| 300 ## - PHYSICAL DESCRIPTION | |
| Extent | 162 páginas : |
| Other physical details | ilustraciones, fotografías, gráficos y mapas a blanco y negro ; |
| Dimensions | 24 cm. |
| 504 ## - BIBLIOGRAPHY, ETC. NOTE | |
| Bibliography, etc. note | Incluye bibliografía al final de cada capítulo. |
| 505 0# - FORMATTED CONTENTS NOTE | |
| Formatted contents note | Innovación: una capacidad crítica -- E-health: panorama mundial y de Colombia -- De las ciencias básicas a la tecnología avanzada -- La transformación de los servicios de salud mediante el uso de tecnología móvil -- Tamizaje en la puerta de urgencias: la implementación de pruebas al lado de la cama del paciente, que permitan optimizar los tiempos muertos en el servicio de urgencias -- El centro de servicios sanitarios Multicanal del país Vasco (CSSM) Osarean -- El verdadero uso de la historia clínica electrónica (HCE) -- Administrador de beneficios de medicamentos (Pharmacy Benefit Management-PBM): modelo de gestión integral para el uso adecuado y eficiente de los medicamentos a nivel ambulatorio -- El envejecimiento, su cuidado y la tecnología: tendencias y oportunidades para la tarjeta sanitaria y otras tecnologías en el sector del envejecimiento -- ¿Cómo generar valor a partir de la información organizacional? |
| 520 3# - SUMMARY, ETC. | |
| Summary, etc. | Estamos próximos a vivir transformaciones sorprendentes en los modelos de atención médica, muchas de las cuales ya están en marcha en otros países y parcialmente entre nosotros. Se habla de la revolución de las TIC en todos los campos y ahora en la práctica de la medicina, lo cual no puede desconocerse, pero los cambios obedecen a una serie de transformaciones que van más allá de la informática y las comunicaciones. Tal vez las TIC sean un catalizador o facilitador que acelera los cambios, pero es uno entre varios factores. Alguien diría que "se están cruzando los astros" por la convergencia de cambios paradigmáticos en varias áreas relacionadas directa o indirectamente con los esquemas de práctica clínica, y porque ese cruce desemboca en lo que serán los futuros modelos de presentación [... ]. Llegará el día en que la mayor parte del conocimiento médico responda a la evidencia científica, y en este momento podremos hablar de una "medicina de precisón" que permite ser traducida a procesos relativamente exactos y repetibles, aplicables por personal diferente al médico, profesional y no profesional (y por robots) mediante protocolos estandarizados, estrictos y replicables bajo cualquier condición. |
| 650 14 - SUBJECT ADDED ENTRY--TOPICAL TERM | |
| Topical term or geographic name entry element | Innovaciones en medicina |
| 9 (RLIN) | 13007 |
| 650 14 - SUBJECT ADDED ENTRY--TOPICAL TERM | |
| Topical term or geographic name entry element | Tecnología médica |
| 9 (RLIN) | 13008 |
| 650 24 - SUBJECT ADDED ENTRY--TOPICAL TERM | |
| Topical term or geographic name entry element | Ciencias básicas |
| General subdivision | tecnología |
| Geographic subdivision | Colombia |
| 9 (RLIN) | 14672 |
| 700 1# - ADDED ENTRY--PERSONAL NAME | |
| Personal name | Edgett, Scott J., |
| Relator term | autor |
| 9 (RLIN) | 14673 |
| 700 1# - ADDED ENTRY--PERSONAL NAME | |
| Personal name | Arteta Molina, Carlos, |
| Relator term | autor |
| 9 (RLIN) | 14674 |
| 942 ## - ADDED ENTRY ELEMENTS (KOHA) | |
| Source of classification or shelving scheme | Dewey Decimal Classification |
| Koha item type | Books |
| Withdrawn status | Lost status | Source of classification or shelving scheme | Damaged status | Not for loan | Collection code | Home library | Current library | Date acquired | Source of acquisition | Total Checkouts | Full call number | Barcode | Date last seen | Date last checked out | Copy number | Price effective from | Koha item type |
|---|---|---|---|---|---|---|---|---|---|---|---|---|---|---|---|---|---|
| Dewey Decimal Classification | Non-fiction | Biblioteca Pública José María del Castillo y Rada | Biblioteca Pública José María del Castillo y Rada | 10/02/2020 | Donación | 1 | 610.285 / A696t | 201810781 | 10/02/2024 | 10/01/2024 | Ej.1 | 03/10/2021 | Books | ||||
| Dewey Decimal Classification | Non-fiction | Biblioteca Pública José María del Castillo y Rada | Biblioteca Pública José María del Castillo y Rada | 10/02/2020 | Donación | 610.285 / A696t | 201810131 | 05/16/2024 | Ej.2 | 03/26/2021 | Books |